| 000 | 00649 a2200193 4500 | ||
|---|---|---|---|
| 999 |
_c1375 _d1375 |
||
| 020 | _a9780415473729 | ||
| 020 | _a9780203846803 (eb) | ||
| 020 | _a020384680X (eb) | ||
| 050 | 0 | 0 | _aHC59.7 WEI 2011 |
| 100 | 1 |
_aWeiss, John _d1948- _eauthor |
|
| 245 | 1 | 4 |
_aThe economics of industrial development / _c John Weiss. |
| 264 |
_aLondon _bRoutledge _c2011 |
||
| 300 |
_a 255 p. : _bill. ; |
||
| 504 | _aIncludes bibliographical references and index. | ||
| 650 | 0 | _aIndustrialization | |
| 650 | 0 | _aEconomic development | |
| 942 |
_2lcc _cBK _h59.7 _iWEI _kHC |
||